Geography Quiz

Random Geography or State Quiz

US States that are Even {Area} Quiz Stats

Quiz not verified by Sporcle

Also try: US Capitals
Challenge
Share
Tweet
Score 0/25 Timer 07:00
0 Plays Today
% Correct
Iowa
87.5%
Nebraska
87.5%
Ohio
87.5%
Washington
87.5%
Wyoming
87.5%
Alabama
75%
Colorado
75%
Connecticut
75%
Florida
75%
Georgia
75%
Idaho
75%
Indiana
75%
Maryland
75%
% Correct
Minnesota
75%
Mississippi
75%
Montana
75%
New Hampshire
75%
North Carolina
75%
Oklahoma
75%
Rhode Island
75%
South Carolina
75%
Tennessee
75%
Texas
75%
Arizona
62.5%
Massachusetts
50%

You're not logged in!

Compare scores with friends on all Sporcle quizzes.
Join for Free
OR
Log In

You Might Also Like...

Show Comments

Extras

Top Quizzes Today


Score Distribution

Your Account Isn't Verified!

In order to create a playlist on Sporcle, you need to verify the email address you used during registration. Go to your Sporcle Settings to finish the process.

Report this User

Report this user for behavior that violates our Community Guidelines.

Details: